000 02660nam0a2200421 4500
001 RU\NLR\BIBL_A\022749090
005 20260524043532.0
010 _a978-5-7890-2321-1
_9100
021 _aRU
_bКН-П-26-003170
_9КН-П-26-0285
035 _a(NLR Aleph) 022749090
090 _a13709200
_c13709200
100 _a20260310d2025 k y0rusy50 ca
101 0 _arus
_aeng
102 _aRU
105 _ay z 100yy
181 0 _ai
_baxxe
182 0 _an
200 1 _aСовременные тенденции в нейронауках, психологии, педагогике и лингвистике: исследования молодых ученых – 2024
_eматериалы II всероссийской (национальной) научной конференции (Ростов-на-Дону, 4 декабря 2024 года)
_fМинистерство науки и высшего образования Российской Федерации, Федеральное государственное бюджетное образовательное учреждение высшего образования "Донской государственный технический университет"
_gредакционная коллегия: ... кандидат психологических наук Е. Г. Денисова (отв. ред.)
203 _aТекст
_bвизуальный
_cнепосредственный
210 _aРостов-на-Дону
_cДГТУ
_d2025
215 _a82 с.
_d21
300 _aНа обл.: 95
300 _aЧасть текста англ.
320 _aБиблиогр. в конце отд. ст.
606 1 _aЯзыкознание
_jСъезды, совещания и т.п
_9911558
_3RU\NLR\AUTH\6613279
606 1 _aИностранные языки
_jСъезды, совещания и т.п
_xПреподавание
_91409738
_3RU\NLR\AUTH\66282140
606 1 _aПсихология
_jСъезды, совещания и т.п
_9931820
_3RU\NLR\AUTH\6624683
686 1 _aШ1я431
686 1 _aЧ426.17(2Р)я431
686 1 _aЧ486.17(2Р)я431
686 1 _aЮ93я431
702 1 _4340
_7ca
_8rus
_aДенисова
_bЕ. Г.
_cканд. психол. наук
_f1991-
_gЕкатерина Геннадьевна
_92648761
_3RU\NLR\AUTH\770276794
712 0 2 _4475
_aДонской государственный технический университет
_cРостов-на-Дону
_9425177
_3RU\NLR\AUTH\889964470
942 _cBOOK
980 _aNB